000 00370nam a2200145Ia 4500
008 100122s9999 xx 000 0 und d
082 _b41513
_a823
100 _aतिबिले अनंत
245 _aधडक
260 _bअरुंधती प्रकाशन
_c1988
300 _a223
630 _aधडक
730 _aधडक
942 _cBOOK
999 _c422131
_d422128